| 000 | 00908nam a2200241 i 4500 | ||
|---|---|---|---|
| 001 | 109060 | ||
| 003 | ES-MaACL | ||
| 005 | 20230906184752.0 | ||
| 007 | t| | ||
| 008 | 061121s1987 sp a |||| | cat d | ||
| 100 | 1 |
_aCalle, Román de la ( _d1942-) _933701 |
|
| 245 | 1 | 0 |
_aAntoni Miró _b: [catálogo de la exposición, Alicante, 1987] : l'estranya obsessió de "pintar la pintura" / _cper Romà de la Calle. |
| 260 |
_aAlacant : _bCaixa d'Estalvis Provincial, _c1987. |
||
| 300 |
_a103 p. : _bprincipalmente il. col. ; _c25 cm. |
||
| 546 | _aTexto paralelo en catalán, español, francés e inglés. | ||
| 600 | 1 | 4 |
_aMiró, Antoni- _vExposiciones. _981598 |
| 655 | 7 |
_2tgfbne _9193628 _aCatálogos de exposiciones |
|
| 700 | 1 |
_aMiró, Antoni. _981597 |
|
| 710 | 2 |
_aCaixa d'Estalvis Provincial d' Alacant. _92276 |
|
| 852 |
_aES-MaACL _jG-13323 |
||
| 942 | _2udc | ||
| 999 |
_c109060 _d109060 |
||